Contemporary Oral & Maxillofacial Surgery (Record no. 22775)

MARC details
000 -LEADER
fixed length control field 00444nam a22001697a 4500
003 - CONTROL NUMBER IDENTIFIER
control field SGT
020 ## - INTERNATIONAL STANDARD BOOK NUMBER
International Standard Book Number 9788131256855
082 ## - DEWEY DECIMAL CLASSIFICATION NUMBER
Classification number 617.522
Item number C19H
100 ## - MAIN ENTRY--PERSONAL NAME
Personal name Hupp, James R.
245 ## - TITLE STATEMENT
Title Contemporary Oral & Maxillofacial Surgery
250 ## - EDITION STATEMENT
Edition statement 2nd South Asia
260 ## - PUBLICATION, DISTRIBUTION, ETC. (IMPRINT)
Name of publisher, distributor, etc Elsevier
Year of Publication 2019
300 ## - PAGE DESCRIPTION
No. of Pages 708
650 ## - SUBJECT ADDED ENTRY--TOPICAL TERM
Topical term or geographic name as entry element Oral & Maxillofacial Surgery
653 ## - KEYWORDS--INDEX TERM
Keyword term Oral & Maxillofacial Surgery; Oral Surgery; Surgery
942 ## - ADDED ENTRY ELEMENTS (KOHA)
Source of classification or shelving scheme Dewey Decimal Classification
Koha item type Books
942 ## - ADDED ENTRY ELEMENTS (KOHA)
-- 24
Holdings
Withdrawn status Lost status Source of classification or shelving scheme Damaged status Not for loan Home library Current library Date acquired Vendor Name Cost, normal purchase price SGTU Bill Number Total Checkouts Full call number Accession No. (Barcode) Date last seen Date last borrowed Bill Date Koha item type Total Renewals Shelving location
    Dewey Decimal Classification     SGT Dental Library SGT Dental Library 27/05/2022 Ahuja Book Co. Pvt. Ltd. 3045.00 SGTU 14353 5 617.522 C19H FD8751 30/06/2025 16/06/2025 16/04/2022 Books    
    Dewey Decimal Classification     SGT Dental Library SGT Dental Library 27/05/2022 Ahuja Book Co. Pvt. Ltd. 3045.00 SGTU 14353 15 617.522 C19H FD8752 03/05/2025 19/04/2025 16/04/2022 Books 1  
    Dewey Decimal Classification   Not For Loan SGT Dental Library SGT Dental Library 27/05/2022 Ahuja Book Co. Pvt. Ltd. 3045.00 SGTU 14353   617.522 C19H FD8753 27/05/2022   16/04/2022 Books   Reference Book
    Dewey Decimal Classification     SGT Dental Library SGT Dental Library 27/05/2022 Ahuja Book Co. Pvt. Ltd. 3045.00 SGTU 14353 4 617.522 C19H FD8754 10/06/2025 10/06/2025 16/04/2022 Books    
    Dewey Decimal Classification     SGT Dental Library SGT Dental Library 27/05/2022 Ahuja Book Co. Pvt. Ltd. 3045.00 SGTU 14353 5 617.522 C19H FD8755 30/05/2024 30/05/2024 16/04/2022 Books